00681nam a2200193 a 450000100100000000500170001000800410002704000250006808200150009310000350010824500770014326000360022030000200025650000420027670000300031804900090034895201130035799900170047000002675020200930030406.0110325s1974 dr 000 0 spa d aDO-SdBNPbspacBNPHU axxxbC965g1 aCuello H., José Israel9629813aLa Gulf and Western en el reformismo /cJosé Israel, Julio F. Peynado. aSanto Domingo :bTaller,c1974. a69 p. ;c22 cm. aIncluye notas al pie de las páginas1 aPeynado, José F.953858 aBNPD 0010718PDaPDbPDcCTd2011-03-25iLF1l0oxxx C965gp26750-10r2020-06-25w2020-06-25yLFPDZNo se presta c26242d26242